Detalles MARC
| 000 -LIDER |
| fixed length control field |
03285nam a2200301 a 4500 |
| 001 - NÚMERO DE CONTROL |
| Identificador de número de control |
000048035 |
| 003 - IDENTIFICACDOR DE NÚMERO DE CONTROL |
| control field |
DO-SdBNP |
| 005 - DATE AND TIME OF LATEST TRANSACTION |
| control field |
20210531123715.0 |
| 008 - ELEMENTOS DE LONGITUD FIJA |
| fixed length control field |
181102s2018 dr ac 000 0 spa d |
| 020 ## - ISBN |
| International Standard Book Number |
9789945462999 |
| 040 ## - FUENTE DE CATALOGACIÓN |
| Agencia que crea de manera original el registro |
BPMSU |
| Idioma de catalogación |
spa |
| Agencia que realiza la transcripción |
BPMSU |
| 082 ## - NÚMERO DE CLASIFICACIÓN DECIMAL DE DEWEY |
| Classification number |
972.93054 |
| Item number |
J85c 2018 |
| Edition number |
22 |
| 245 00 - MENCIÓN DE TITULO |
| Título |
Jottin Cury, el canciller de abril / |
| Mención de responsabilidad |
edición, prólogo y notas Juan Daniel Balcácer. |
| 250 ## - MENCIÓN DE EDICION |
| Mención de edición |
2a reimpresión |
| 260 ## - PUBLICACIÓN, DISTRIBUCIÓN, ETC. (PIE DE IMPRENTA) |
| Lugar de publicación, distribución, etc |
Santo Domingo : |
| Nombre del editor, distribuidor, etc. |
Comisión Permanente de Efemérides Patrias., |
| Fecha de publicación, distribución, etc |
2018. |
| 300 ## - DESCRIPCIÓN FÍSICA |
| Extensión |
v. : |
| Otros detalles físicos |
il., retrs. ; |
| Dimensiones |
23 cm. |
| 490 0# - MENCIÓN DE SERIES |
| Mención de serie |
50 Aniversario de la Gesta Patriótica de Abril de 1965 |
| Volume/sequential designation |
7 |
| 500 ## - NOTA GENERAL |
| Nota general |
Incluye referencias bibliográficas y notas al pie de las páginas |
| 500 ## - NOTA GENERAL |
| Nota general |
Incluye datos biográficos de los autores en las solapas |
| 505 0# - NOTA DE CONTENIDO |
| Texto normalizado de contenido |
Contenido: ensayos, artículos, entrevistas -- Aspectos internacionales y negociaciones en la contienda --Nuestro antinorteamericanismo --Gobierno constitucional de la RD. Declaración sobre el informe de la Comisión de Criminólogos de la OEA --Exposición ante la Segunda Conferencia Interamericana -- Mis vivencias del 24 de abril, 45 años después de la guerra --República Dominicana: causas y consecuencias de la invasión norteamericana de 1065 --Testimonio de Jottin Cury: La ONU , Caamaño y yo --El 24 de abril de 1965 y la opinión pública mundial --Bosch postuló tesis de un gobierno fuerte con el respaldo de las mayorías populares --Democracia de papel, llama un líder perredeista al gobierno actual --Considera envenenada oferta de OEA a los constitucionalistas. DECLARACIONES A LA PRENSA EN 1965: --Gobierno denuncia hacen genocidio --Ministro Jottin Cury denuncia serie atropellos en parte alta de la ciudad --Ministro Cury refuta pronunciamiento de Rusk --Canciller refuta afirmación secretario general de la OEA --RD protesta tutela --El gobierno exige salida --Cury protesta atropello en SFM --ADOMA hace solicitud a canciller Jottin Cury --Canciller dice pueblo tiene batalla ganada --Canciller afirma RD mantiene protesta --Protesta violación --Genocidio es horripilante. Canciller dice no sorprende --Maniobra contra la RD? Piden que ONU envíe comisión de derechos humanos --En marcha la agresión yanqui a la RD informa a jefes de estado --Esperan solución pronta dice Cury: será loa próxima semana --Canciller Cury denuncia violaciones de cese al fuego __ONU podría resolver el caso de RDE, dice Cury -Canciller afirma conversaciones han llegado a un punto muerto. --Rechazan acusación del PCD --Gobierno aceptaría acuerdo rueda de prensa --El gobierno constitucional envía cable a secretario U Thant. Epistolario Cablegramas y otros documentos, : -- La razón de Jottin (Narciso Isa Conde) --Jottin Cury: barahonero tenas (Virgilio Gautreaux) --Jottin Cury en el afán nacionalista del perredeísmo combatiente (Sebastián del Pilar Sánchez). |
| 590 ## - NOTA LOCAL |
| Texto de la nota local |
Inventariado, 2021/VM |
| 600 #4 - ENCABEZAMIENTO DE MATERIA--NOMBRE PERSONAL |
| Nombre personal |
Cury Elías, Jottin, |
| Fechas asociadas con el nombre |
1920-2011 |
| 651 #4 - ENCABEZAMIENTO DE MATERIA--NOMBRE GEOGRÁFICO |
| Nombre geográfico |
República Dominicana |
| Subdivisión temática general |
Historia |
| Subdivisión cronológica |
Revolución,1965 |
| 700 1# - ASIENTO SECUNDARIO -- NOMBRE PERSONAL |
| Nombre personal |
Balcácer, Juan Daniel, |
| Mención de responsabilidad |
pról. |
| 710 2# - ASIENTO SECUNDARIO -- NOMBRE CORPORATIVO |
| Nombre corporativo o de jurisdicción |
Comisión Permanente de Efemérides Patrias (República Dominicana) |
| 830 #0 - ASIENTO SECUNDARIO DE SERIE--TÍTULO UNIFORME |
| Título uniforme |
Colección 50 Aniversario de la Gesta Patriótica de Abril de 1965 |
| 942 ## - ADDED ENTRY ELEMENTS (KOHA) |
| Source of classification or shelving scheme |
Dewey Decimal Classification |
| Koha item type |
Libros |